| 000 | 01128nam a22003017a 4500 | ||
|---|---|---|---|
| 001 | 0008127 | ||
| 003 | KOHA_MİRAKIL | ||
| 005 | 20260207001622.0 | ||
| 007 | ta | ||
| 008 | 091008b2000 tu |||gr||||#||||0|tur | | ||
| 020 | _c0,01 | ||
| 040 |
_aTR-BiSEU _btur _cTR-BiSEU _erda |
||
| 041 | 0 | _atur | |
| 044 | _ctu | ||
| 050 |
_aHG4574.2 _b.N37 2000 |
||
| 111 | 2 |
_aNASDAQ Menkul Kıymetler Borsasının Esası ve Katılımcılarına Sağladığı Faydalar (2000 : İstanbul) _920175 |
|
| 245 | 1 |
_aNASDAQ menkul kıymetler borsasının esası ve katılımcılarına sağladığı faydalar : _bseminer açış-tebligler-panel. |
|
| 264 | 1 |
_aİstanbul : _bİktisadi Araştırmalar Vakfı _c2000 |
|
| 300 | _a95 sayfa: tablo | ||
| 336 |
_ametin _btxt _2rdacontent |
||
| 337 |
_aaracısız _bn _2rdamedia |
||
| 338 |
_acilt _bnc _2rdacarrier |
||
| 490 | 1 |
_aİktisadi Araştırmalar Vakfı ; _vyayın no: 2000/156. |
|
| 650 | 0 |
_aNASDAQ stock market--Congresses. _920176 |
|
| 650 | 0 |
_aNASDAQ menkul değerler borsası--Kongreler. _920177 |
|
| 830 | 1 |
_aİktisadi Araştırmalar Vakfı ; _vyayın no: 2000/156. _920178 |
|
| 942 |
_2lcc _cBK |
||
| 999 |
_c8100 _d8100 |
||